|
|
|
|
| LEADER |
02724nas a22005652a 4500 |
| 001 |
001813305 |
| 003 |
CZ BrMZK |
| 005 |
20220126140009.0 |
| 007 |
ta |
| 008 |
220126d19191948xr ar||| |||||||||||cze d |
| 015 |
|
|
|z cnb000343713
|z cnb002095509
|z cnb002095525
|z cnb002095529
|z cnb002095535
|z cnb000805992
|
| 035 |
|
|
|a (OCoLC)85634020
|
| 040 |
|
|
|a ABA001
|b cze
|
| 041 |
0 |
|
|a cze
|a fre
|
| 043 |
|
|
|a e-xr---
|
| 045 |
|
|
|a x1x3
|
| 072 |
|
7 |
|a 640.4
|x Hotelnictví. Stravování
|2 Konspekt
|9 19
|
| 080 |
|
|
|a 640.418
|2 MRF
|
| 080 |
|
|
|a (437.3)
|2 MRF
|
| 080 |
|
|
|a (083.8)
|2 MRF
|
| 245 |
0 |
0 |
|a Seznam studentských nocleháren zřízených péčí Klubu československých turistů v Praze v roce ...
|
| 246 |
3 |
|
|a Seznam nocleháren Klubu čs. turistů pro mládež na rok ...
|
| 246 |
3 |
|
|a Seznam nocleháren Klubu čs. turistů ...
|
| 246 |
3 |
|
|a Seznam nocleháren pro mládež
|
| 246 |
3 |
|
|a Catalogue des auberges de la jeunesse appartenant au Club des touristes Tchécoslovaques, pour l'année ...
|
| 246 |
1 |
|
|i Název od r. 1937:
|a Seznam nocleháren Klubu čs. turistů pro mládež, platný na rok ...
|
| 260 |
|
|
|a V Praze :
|b Nákladem Klubu československých turistů,
|c [1919-1948]
|
| 300 |
|
|
|a ^^^sv. ;
|c 13-15 cm
|
| 310 |
|
|
|a 1x ročně
|
| 362 |
0 |
|
|a R. 1919-r. 1934; vyd. 37 (1935)-vyd. 40(1938)
|
| 500 |
|
|
|a Součástí názvu je označení běžného roku
|
| 500 |
|
|
|a Popsáno podle: 1932
|
| 515 |
|
|
|a Není zřejmé, zda vycházelo v letech 1916-1920
|
| 546 |
|
|
|a V některých letech souběžný francouzský text
|
| 648 |
|
4 |
|a 1919-1938
|
| 648 |
|
7 |
|a 20. století
|7 ch460558
|2 czenas
|
| 650 |
0 |
7 |
|a studentské ubytovny
|7 ph323766
|z Česko
|y 20. století
|2 czenas
|
| 655 |
|
7 |
|a seznamy
|7 fd133378
|2 czenas
|
| 710 |
2 |
|
|a Klub československých turistů
|7 ko2006325653
|
| 780 |
0 |
0 |
|t Seznam studentských nocleháren zřízených péčí Klubu českých turistů v Čechách a na Moravě r. ...
|
| 785 |
0 |
0 |
|t Seznam nocleháren Klubu českých turistů
|
| 856 |
4 |
1 |
|u http://www.digitalniknihovna.cz/mzk/uuid/uuid:e4a694f0-42e0-11e8-a0d9-005056827e52
|y Digitalizovaný dokument
|x NDK
|
| 910 |
|
|
|a BOA001
|b X-0202.064
|r 1936,46,47,48
|
| 928 |
9 |
|
|a Klub československých turistů
|
| 990 |
|
|
|a SE
|
| 991 |
|
|
|b 202201
|
| 996 |
6 |
|
|b 2618720551
|c X-0202.064
|d 1948
|y 1948
|l MZK
|r Sklad / do 24 hodin
|n 0
|w 001877251
|u 000040
|a 1
|e BOA001
|j MZK50
|s P
|
| 996 |
6 |
|
|b 2618720552
|c X-0202.064
|d 1947
|y 1947
|l MZK
|r Sklad / do 24 hodin
|n 0
|w 001877251
|u 000030
|a 1
|e BOA001
|j MZK50
|s P
|
| 996 |
6 |
|
|b 2618720553
|c X-0202.064
|d 1946
|y 1946
|l MZK
|r Sklad / do 24 hodin
|n 0
|w 001877251
|u 000020
|a 1
|e BOA001
|j MZK50
|s P
|
| 996 |
6 |
|
|b 2618720554
|c X-0202.064
|d 1936
|y 1936
|l MZK
|r Sklad / do 24 hodin
|n 0
|w 001877251
|u 000010
|a 1
|e BOA001
|j MZK50
|s P
|